000 00857nam a22002417i 4500
999 _c23597
_d23597
003 AR-CdUCM
008 260406b20242024 pe||||| |||| 00| 0 spa d
020 _a978-84-17477-52-3
040 _aMUNICIPALIDAD PROVINCIAL DEL CUSCO
_cBIBLIOTECA MUNICIPAL DEL CUSCO
041 _hspa
082 _25°edición
_a115.1
_bA72
100 _aAristóteles
_917411
245 _aPolítica /
260 _aEspaña :
_bPluton Ediciones X, s. L.
_c2024
300 _a317 páginas. :
_c18x12 cm.
505 _aOrigen del Estado y de la Sociedad -- De la esclavitud -- Examen de la constitución ideada por Hipódamo de Mileto -- De la situación de la ciudad
650 _aEstado
_9738
650 _aVida política
_93324
650 _aCondiciones de la educación
_952540
856 _fwww.plutonediciones..com
942 _2ddc
_cLIBROS
945 _apbjr
_d06-04-2026